00390cam a22001217a 4500008004000000082001200040100002300052245011100075260002700186300001500213650002200228650001800250180718b1971 xxu||||| |||| 00| 0 eng d aJ7 C345 aChandwick , George aSystems view of planning : towards a theory of the Urban and regional planning Processcby George Chadwick aOxfordbPergamonc1971 axiii, 390p aRegional planning aCity planning